| 000 | 00572nam a22001697a 4500 | ||
|---|---|---|---|
| 003 | NUST | ||
| 038 | _aNusrat Nadeem | ||
| 082 | _a200 | ||
| 100 |
_aShah Fiaz Hussain _9124272 |
||
| 245 |
_aClimate Proofing Indus Water Treaty: An Instrument of Peace Building in South Asia/ _cFiaz, Hussain Shah |
||
| 264 |
_aIslamabad; _bCIPS NUST; _c2022 |
||
| 300 |
_a250,p; _bill; _c30,cm. |
||
| 650 |
_aPhD-Peace and Conflict Studies _9123173 |
||
| 700 |
_aSupervisor: Dr Muhammad Makki _9120500 |
||
| 856 | _uhttp://10.250.8.41:8080/xmlui/handle/123456789/29743 | ||
| 942 |
_2ddc _cSC |
||
| 999 |
_c610175 _d610175 |
||